Mr. Troll, ice cave, and new friends (Запис № 17203)
[ простий вигляд ]
| 000 -Маркер запису | |
|---|---|
| Контрольне поле сталої довжини | 01385nam a22002537a 4500 |
| 003 - Належність контрольного номера | |
| Контрольне поле | Uzh_bibl |
| 008 - Кодовані дані | |
| Контрольне поле сталої довжини | 260325b |||||||| |||| 00| 0 ukr d |
| 020 ## - Індекс ISBN | |
| ISBN | 978-617-95401-2-7 |
| Ціна | 100.00 |
| 040 ## - Джерело каталогіз. | |
| Код мови каталог. | укр. |
| 041 ## - Код мови видання | |
| Код мови оригіналу | українська |
| Код мови тексту | англійська |
| 080 ## - Індекс УДК | |
| Індекс УДК | 821(477) |
| 090 ## - Шифри | |
| Поличний індекс | 821(477) |
| Авторський знак | В 90 |
| 100 ## - Автор | |
| Автор | Budilova,Halyna |
| 245 ## - Назва | |
| Назва | Mr. Troll, ice cave, and new friends |
| Відповідальність | Illustrator K. Kovtunenko |
| Фізичний носій | Текст |
| 260 ## - Вихідні дані | |
| Місце видання | Poltava |
| Видавництво | I.A .Myron |
| Дата видання | 2024 |
| 300 ## - Фізичний опис | |
| Обсяг | 40 s. |
| Ілл./тип відтвор. | ill. |
| Тип одиниці | В опр. |
| 520 ## - Анотація | |
| Анотація | «Троль, Позачас і магічний годинник» Галини Буділової (2023) — це повчальна українська дитяча книга про помічників Святого Миколая та хоробрих героїв. Історія розповідає про знайомство дітей із Мироном, який має протези після війни, навчаючи важливим цінностям. Книга видана з кольоровими ілюстраціями Катерини Ковтуненко. |
| 521 ## - Примітка про цільове призначення | |
| Примітка про цільове призначення | Для молодшого шкільного віку |
| 546 ## - Примітка про мову | |
| Примітка про мову | укр. |
| 650 ## - Тематичні рубрики | |
| Основна рубрика | Літературно-художне видання |
| 653 ## - Ключові слова | |
| Ключові слова | Троль |
| -- | Святий Миколай |
| 655 ## - Термін індексування — жанр/форма | |
| Жанр/форма | Дитяча література |
| 942 ## - ADDED ENTRY ELEMENTS (KOHA) | |
| Джерело класифікації чи схема поличного розташування | |
| Koha item type | Книги |
| Статус вилучення | Статус втрати/відсутності | Джерело класифікації чи схема поличного розташування | Статус пошкодження | Тип обігу (не для випозичання) | Постійне розташування | Поточне розташування | Розташування у відділі | Дата надходження | Джерело надходження (постачальник) | Інвентарний номер | Повний (примірниковий) шифр зберігання | Штрих-код | Date last seen | Дата, для якої чинна ціна заміни | Тип одиниці (рівень примірника) |
|---|---|---|---|---|---|---|---|---|---|---|---|---|---|---|---|
| Бібліотека-філія № 1 для дітей | Бібліотека-філія № 1 для дітей | Абонемент молодший відділ | 23/03/2026 | ЗОБ для дітей та юнацтва | 80842 | 821(477) | 19283 | 26/03/2026 | 25/03/2026 | Книги |